000 00378nam a22001337a 4500
003 SGT
020 _a9789382307822
082 _a891.4309
_bE16G
100 _aगुंदेया, संगीता
245 _aएकान्त का मानचित्र
260 _bसूर्य प्रकाशन मंदिर
_c2016
300 _a135
942 _2ddc
_cBK
999 _c29706
_d29706